Anorganická chemie 2. díl

Uložené v:
Podrobná bibliografia
Hlavný autor: Remy, Heinrich
Ďalší autori: Drátovský, Milan (Prekladateľ)
Médium: Kniha
Jazyk:Undetermined
Czech
German
Vydavateľské údaje: Praha SNTL 1971
Vydanie:2. české vyd.
Predmet:
On-line prístup:View in OPAC
Tagy: Pridať tag
Žiadne tagy, Buďte prvý, kto otaguje tento záznam!

MARC

LEADER 00000nam a2200000 a 4500
005 20260127134252.0
008 981102s1971 xx 0 und c
035 |a vtls001347177 
035 |a SNK000300429 
039 9 |a 201203091540  |b msvkbb10  |c 200708080941  |d mschk03  |y 200412280757  |z VLOAD 
040 |a SNK  |b slo  |c SNK  |d STUSCHK1  |e AACR2 
041 1 |a cze  |h ger 
080 |a 546  |2 2001 
100 1 |a Remy, Heinrich 
245 1 |a Anorganická chemie  |n 2. díl  |c Heinrich Remy ; z něm. orig. Milan Drátovský a kol. 
250 |a 2. české vyd. 
260 |a Praha  |b SNTL  |c 1971 
300 |a 831 s.  |b obr., tab., register 
650 0 7 |a anorganická chémia  |2 SNKPH 
700 1 |a Drátovský, Milan  |4 trl 
910 |a SCHK95 
999 |c 8337  |d 8337